[Event "Oregon Junior Closed Challenger's"]
[Site "Chess.com"]
[Date "2020.12.19"]
[Round "2"]
[White "Tang , Austin"]
[Black "Pai, Kushal"]
[Result "0-1"]
[WhiteElo "1852"]
[BlackElo "1687"]
[Annotator "Wilson Gibbins"]
[PlyCount "84"]
[EventDate "2020.12.19"]
[EventType "tourn"]
[EventRounds "5"]

{[%evp 0,84,29,25,62,49,82,51,51,30,43,38,60,36,43,33,41,50,44,15,18,18,15,20,
29,23,63,23,37,31,24,15,27,25,35,18,11,37,14,28,39,54,57,57,32,56,45,27,145,35,
35,-78,-81,-73,-80,-84,-78,-65,7,5,7,7,2,-67,-67,-63,-75,-119,-157,-208,-199,
-225,-224,-254,-251,-304,-306,-311,-319,-317,-316,-315,-351,-350,-286,-295,
-318]} 1. e4 c5 2. Nf3 d6 3. d4 cxd4 4. Nxd4 Nf6 5. Nc3 a6 6. Be2 e5 7. Nb3 Be6
8. O-O ({Another one of my dogmas from the 1970s bites the dust. Back then,
the received wisdom was that 7...Be6 was inaccurate because} 8. f4 Qc7 {
(supports the Bishop moving to c4 after White plays f5)} ({in reality, Black's
position is perfectly playable after} 8... Be7 9. f5 Bd7 10. g4 h6 11. h4 Bc6
12. Bf3 Nh7) 9. g4 $1 {led to White's advantage. Perhaps that is still true,
as White scores 73% from this position.} (9. f5 Bc4)) 8... Be7 9. Kh1 Nc6 ({
Back in the day, everyone played the more "Najdorfy"} 9... Nbd7 10. f4 Qc7 {
because if you wanted to put your Knight on c6, why didn't you put it there on
move 5? Kids today are a lot more open-minded.}) 10. f4 exf4 {Kushal declines
to fight for the tempo by waiting for White to play Be3 before taking White's
f-pawn, so Austin gets to develop his dark squared Bishop for free. This seems
naive, but a deeper analysis shows that (1) Black has saved a move by compared
to the same plan the Scheveningen variation of the Sicilian by playing e7-e5
in one move (in the Scheveningen Black first plays e7-e6, then e6-e5). And
sometimes White recaptures with his rook instead of his bishop in these lines.
For some examples, check out Karpov's four games from his 1974 Candidates
Match against Polugaevsky in your database.} 11. Bxf4 O-O 12. Qe1 Ng4 ({
I would instantly play} 12... Ne5 {to block the pressure from the f4 bishop on
my d6 pawn, but White scores 66.7% from that position, so Kushal is correct to
steer in the direction of other adventures. Only three games in the database,
the engine Leela thinks Black is OK, so why not give it a try?}) 13. Bxg4 Bxg4
{We reach a position where both sides have strongpoint squares for Knights (d5
for White, e5 for black), isolated centeral pawns on open files to defend, and
active pieces. Both players will get chances to attack, defend, and most of
all, calculate.} 14. Nd5 Bh4 15. Qd2 Ne5 16. Ne3 Be6 17. Rad1 Nc4 18. Nxc4 Bxc4
{The d-pawn looks doomed, but Kushal's active bishops make it hard for
Austin's rooks to find comfortable squares. I would worry about having two
loose pieces to potentially drop off, but Kushal seems to have it (barely)
under control.} 19. Rf3 Re8 20. Na5 Rxe4 21. Nxb7 Qe7 22. Nxd6 {Both sides
have captured their opponent's isolated center pawn, and Austin has snarfed a
b-pawn along the way. Kushal has compensation based on piece activity. Nobody
has stable pieces.} Re2 23. Qc3 Bd5 24. Nf5 Qf6 25. Qxf6 $6 {White is a pawn
up and under some pressure, so I would be tempted to simplify too. But this is
a small step in the wrong direction.} (25. Nxh4 Qxh4 26. Rg3 {and the
checkmate threat on g7 buys time to secure the bishop on f4, leading to an
unclear position.}) 25... Bxf6 $15 26. Rg3 Be4 27. Nh6+ Kf8 28. Bd6+ Be7 (28...
Ke8 {is a minor improvement, retaining the two bishops and an attack on the
b-pawn.} 29. Ng4 Bxb2) 29. Bxe7+ Kxe7 30. Rxg7 Bg6 $6 {A human move, trapping
the Rook.} ({The cold-blooded-engine move is} 30... Rc8 31. Rxf7+ Ke6 {and
Black is three pawns down but about to get a few of them back after} 32. Rg7
Rcxc2 $15) 31. Rg8 (31. Rf1 {is equal after} Rxc2 (31... Kf8 $4 32. Rg8+) 32.
h4 {Preparing to drive the Bishop away from defense of the kingside pawns} Rxb2
33. h5 Bxh5 34. Nxf7 Bxf7 35. Rfxf7+ $11) 31... Rxg8 32. Nxg8+ Ke6 $15 {
White is still two pawns up, but Black will soon get at least one back, and
White's Knight is a long way from contributing to the team effort.} 33. c4 $2 (
33. g4 $15 {is best, so White doesn't get tied down to the defense of the
g-pawn, but it will still be hard for White to defend.} Be4+ 34. Kg1 Rg2+ 35.
Kf1 Rxg4 36. Rd8 (36. Nh6 Rh4) 36... f5) 33... Be4 $17 34. Rg1 Rxb2 35. h4 Rxa2
36. Kh2 f5 37. Kh3 Kf7 38. Nh6+ Kg7 39. Nxf5+ Bxf5+ 40. g4 Ra3+ 41. Kh2 Bd3 42.
Rc1 Ra4 0-1

[Event "Oregon Junior Closed Challenger's"]
[Site "Chess.com"]
[Date "2020.12.20"]
[Round "5"]
[White "Kodithyala, Raj"]
[Black "Pai, Kushal"]
[Result "1-0"]
[WhiteElo "1866"]
[BlackElo "1687"]
[Annotator "Wilson Gibbins"]
[PlyCount "49"]
[EventDate "2020.12.19"]
[EventType "tourn"]
[EventRounds "5"]

{[%evp 0,49,36,35,52,1,-11,-5,1,-10,31,59,51,61,88,47,42,42,42,11,49,49,42,47,
43,38,87,101,329,354,366,374,369,352,345,371,361,345,364,346,315,292,291,293,
293,278,281,264,266,265,263,244]} 1. e4 c5 2. c3 d5 3. exd5 Qxd5 4. d4 cxd4 5.
cxd4 Nf6 6. Nf3 Bg4 7. Be2 e6 8. O-O Nc6 9. h3 Bh5 10. Nc3 Qd7 11. Be3 Be7 12.
Qb3 ({The engines recommend} 12. g4 Bg6 13. Ne5 {as} Nxe5 $2 ({Black must
grovel with a line like} 13... Qc7 14. h4 {(it must be nice to have the
confidence of an engine to move pawns in front of your king)}) 14. dxe5 Qxd1
15. Rfxd1 {is unplayable due to lines like} Ne4 (15... Nd7 16. Bb5 Rd8 17. Rxd7
Rxd7 18. Rd1) 16. Nb5 O-O 17. Rac1 a6 18. Nd6) 12... Bg6 (12... Bxf3 13. Bxf3
O-O {is the simplest route to a solid position, though White can hope the two
Bishops will amount to something.}) 13. Ne5 $1 $14 {Raj gets the advantages of
the 12.g4 lines described above without weakening his kingside.} Nxe5 $2 ({
Black must play a move like} 13... Qc7 $1 $14) ({or} 13... Qc8 {but it isn't
much fun to bring your queen to an open file with your king still uncastled.})
14. dxe5 O-O ({Black can't save the Knight on f6} 14... Nd5 15. Bb5) 15. exf6
Bxf6 16. Rfd1 Qe7 17. Bf3 Bg5 18. Bxg5 Qxg5 19. Ne4 Qe7 20. Rac1 Rad8 21. Rxd8
Rxd8 22. Rd1 b6 23. Rxd8+ Qxd8 24. Qc4 h6 25. b4 1-0

[Event "Oregon Junior Closed Championship"]
[Site "Chess.com"]
[Date "2020.12.18"]
[Round "1"]
[White "Feldman, Konner"]
[Black "Tang, Zoey"]
[Result "1-0"]
[WhiteElo "2039"]
[BlackElo "2097"]
[Annotator "Wilson Gibbins"]
[PlyCount "87"]
[EventDate "2020.12.19"]
[EventType "tourn"]
[EventRounds "5"]

{[%evp 0,87,19,31,14,15,12,14,30,26,24,26,53,4,-3,5,-8,5,11,-7,3,6,139,16,37,
40,77,59,74,72,49,53,27,35,57,61,68,68,63,57,45,51,53,53,50,53,63,54,51,50,58,
54,106,66,99,138,148,144,178,152,189,231,207,213,222,181,208,230,228,270,270,
269,650,718,29995,309,325,329,937,1117,29973,29974,29975,29972,29973,29974,
29985,29990,29991,29992]} 1. d4 Nf6 2. Nc3 d5 3. Bf4 a6 {This line scores well
for Black and ends the eternal vigilance for Nb5 shots. It might look a little
slow, but since White doesn't have the c4 or e4 pawn breaks to open the game,
perhaps Black can get away with it.} 4. e3 ({I was surprised that my database
had no examples of} 4. e4 {in my database, with an offer to transpose into a
Blackmar-Diemer gambit after} dxe4 5. f3 {and hopes that White's move 3.Bf4 is
more useful than Black's 3...a6. Curiously there were six games that started
from White's position after 5.f3 in my database, just not from this move order.
White won five of them. One of them started out as a Trompowsky, an opening
that Zoey knows quite a bit about. 1.d4 Nf6 2.Bg5 Ne4 3.Bf4 d5 4.f3 Nf6 5.e4
dxe4 6.Nc3 a6 is Galyas, Miklos (2440) - Gonday, Laszlo (2155) from the
Budapest Spring Open in 2000.}) 4... e6 5. Nf3 c5 6. dxc5 {This is the first
choice of the engines and the second choice in database popularity, but it is
surprising that trading a center pawn for a wing pawn to develop Black's
bishop will give White a good game.} Bxc5 $11 7. Bd3 Nc6 8. O-O O-O 9. e4 {
This position looks like it is ready to open up. You will be shocked at how
closed it will become in the next half dozen moves.} Nb4 {Maybe this is the
secret of the Jobava Veresov success - it encourages the players of the Black
pieces to be ambitious.} 10. e5 Nxd3 11. Qxd3 Ne8 ({Zoey's move does not
appear as natural as} 11... Nd7 {but the engines prefer it.}) ({Engines also
like the tricky} 11... Qc7 {discouraging} 12. exf6 {due to} Qxf4) 12. Rad1 Qe7
13. Rfe1 b5 14. a3 $14 Bb7 15. b4 $5 {This is a good positional move, but I
can't give it a full exclam because there is an attacking move that is at
least as good. White's c-file looks weak, but it will be hard to maneuver
Black's knight on e8 to c4 and Black's rooks are not yet coordinated to attack
the backward pawn on c2.} ({The attacking move is} 15. Ng5 g6 16. Qh3 h5 17.
Nf3) 15... Ba7 16. Ne2 ({The engines prefer} 16. Be3) ({or} 16. Bg5 {followed
by} Z0 17. Be3) 16... f5 ({Both Leela and Stockfish suggest} 16... d4 $5 {
not because it gets Black to equality or better, but because it is more
pleasant to play a pawn down with open lines for your two bishops than to be
squeezed in a position with a bad bishop. Who says computers don't have
feelings too?}) 17. Be3 Bxe3 18. Qxe3 $16 Rc8 19. Nfd4 {White is a long way
from breaking through with an attack. But it is hard to see how Black will get
any counterplay, so it appears that White will be able to build up the attack
slowly and carefully. That is roughly what happens, but Zoey sneaks a shot in
along the way to create a moment of drama. Even in "completely winning"
positions you always need to be on the lookout. As Andy Grove says, only the
paranoid survive.} g6 20. Rd3 Rc4 21. Qh6 Qg7 22. Qd2 Bc8 23. h4 Nc7 24. Nf4
Kh8 25. Rh3 Rg8 26. Ree3 Bd7 (26... h6 {and White is still much better, but it
avoids creating more pawn weaknesses.}) 27. h5 gxh5 ({The positionally
desirable} 27... g5 $2 {is met by} 28. Ng6+) 28. Rxh5 {Black's lineup on the
g-file looks impressive but there is no way to increase the pressure.} Qf7 29.
Reh3 Rg7 30. Rh6 $18 {Still even material, but the engines are evaluating this
to be about +6 for White (over a rook advantage).} Qg8 31. Rh2 Be8 32. Qe3 Bf7
33. c3 a5 {A pointless queenside demonstration, right? How will Zoey follow up
these pawn moves, as her only active piece is the rook on c4?} 34. Qh3 axb4 35.
axb4 Na8 {probably preparing to play the knight to b6 and a4, right?} 36. Ndxe6
Bxe6 37. Nxe6 ({The engines spot} 37. Ng6+ $1 Rxg6 38. Rxh7+ Qxh7 39. Qxh7#)
37... Ra7 $1 {All of a sudden Zoey has created a mate-in-one threat from her
seemlingly irrelevant moves on the queenside. The move 35...Na8 cleared
Black's second rank for the rook to grab the a-file. While it didn't save the
game, you have to admit it was clever.} 38. f4 $1 d4 (38... Ra1+ 39. Kf2 {
and White stops the checks by approaching the rook on the first and second
ranks.} Ra2+ 40. Ke1 Ra1+ 41. Kd2 Ra2+ 42. Kc1 Ra1+ 43. Kb2) 39. Qxf5 Ra1+ 40.
Kf2 Ra2+ 41. Kf1 Ra1+ 42. Ke2 d3+ 43. Kf2 Ra2+ 44. Kf3 1-0

[Event "Oregon Junior Closed Championship"]
[Site "Chess.com"]
[Date "2020.12.19"]
[Round "3"]
[White "Feldman, Konner"]
[Black "Nair, Roshen"]
[Result "1-0"]
[WhiteElo "2039"]
[BlackElo "2105"]
[Annotator "Wilson Gibbins"]
[PlyCount "63"]
[EventDate "2020.12.19"]
[EventType "tourn"]
[EventRounds "5"]

{[%evp 0,63,19,31,43,16,27,13,15,9,12,12,38,31,38,33,12,3,16,19,24,22,22,21,10,
28,23,23,42,7,42,22,21,24,15,-11,15,48,3,21,21,21,80,74,96,152,160,152,460,468,
484,484,453,516,690,521,639,639,649,658,667,672,667,686,693,693]} 1. d4 d5 2.
Bf4 Nf6 3. Nc3 {Konner transposes from the London System to the Jobava
Variation of the Veresov Opening (1.d4 Nf6 2.Nc3 d5 3.Bf4) that he also played
against Zoey and Shunkai.} e6 {the most common response in my database.} 4. Nb5
{This violates the "don't move the same piece twice in the opening" rule, but
it is the engine-endorsed and second most popular move in this position.} (4.
e3 {is the most popular}) 4... Na6 5. e3 c6 6. Nc3 {It appears that White has
lost two moves in the opening with a premature Knight maneuver. In reality,
the position is about even as Black's Knight on a6 isn't particularly well
placed.} Bb4 {Roshen isn't afraid of doubled isolated a pawns. Some players
have resorted to moves like} (6... Nc7 {,}) (6... Nb8 {, or}) (6... Qb6 {
to avoid them.}) 7. Bxa6 {And Konner isn't afraid of Roshen's two Bishops or
open b-file.} bxa6 8. Nf3 {And the game is about equal.} Ne4 {Roshen goes pawn
hunting. But Black has other playable moves.} (8... c5) (8... O-O) 9. O-O {
It is easy to make this pawn sacrifice, as Black's extra a-pawn won't be easy
to promote.} Nxc3 10. bxc3 Bxc3 11. Rb1 f6 (11... O-O {is OK too, but maybe
Roshen concerned with defending his c-pawn after} 12. Ne5 {and seventh rank
after} Bd7 13. Rb7) 12. Qd3 Ba5 13. Qa3 Kf7 14. c4 Re8 (14... dxc4 15. Rfc1 {
And White gets the pawn back.}) 15. Qa4 dxc4 {This is a better try for
equality than the obvious defense} (15... Bd7 {which allows} 16. Rb7 dxc4 (
16... Bb6 17. c5 Qc8 18. Qxa6) 17. Rxd7+ Qxd7 18. Qxa5) 16. Qxc4 Bb6 17. Nd2
Qd5 18. Qc2 e5 19. dxe5 fxe5 20. Bg3 g6 $2 {Black's difficulties stem from
this plausible defense of the h-pawn.} ({Black is still equal after} 20... Kg8
{combining defense of the h-pawn with getting the King out of danger, or the
wilder}) (20... Be6 21. Qxh7 Qxd2 22. Bxe5 Rg8) 21. Rfd1 $16 Bg4 {[#]} (21...
Qc5 22. Qa4 Bf5 23. Rbc1 Qa5 24. Qc4+) 22. Ne4 $1 Bxd1 23. Rxd1 Kg7 {giving up
the queen is no worse than the alternatives.} (23... Qa5 {allows} 24. Ng5+ Kg7
(24... Kf8 25. Qxc6 {threatening 26.Qf6+} Qxa2 {to defend the f7 square} 26.
Nxh7+ Kg7 27. Qf6+) 25. Rd7+ Kg8 26. Qc4+) (23... Bd4 24. exd4 Rad8 {is equal
in material count, but the engines say White is winning.}) 24. Rxd5 cxd5 25.
Nd6 Re7 26. Qc6 Rb8 27. h3 d4 28. Bxe5+ Rxe5 29. Qd7+ Kg8 30. Qf7+ Kh8 31. Qf6+
Kg8 32. Qxe5 1-0

[Event "Oregon Junior Closed Championship"]
[Site "Chess.com"]
[Date "2020.12.23"]
[Round "3"]
[White "Peng, Shunkai"]
[Black "Lu, Ryan "]
[Result "1-0"]
[WhiteElo "2411"]
[BlackElo "1948"]
[Annotator "Wilson Gibbins"]
[PlyCount "77"]
[EventDate "2020.12.19"]
[EventType "tourn"]
[EventRounds "5"]

{[%evp 0,77,30,33,78,15,36,38,35,23,20,9,6,28,28,17,17,16,7,11,43,14,18,22,34,
40,31,37,33,46,44,27,28,35,26,13,69,66,84,85,83,92,78,67,101,108,121,99,163,
164,170,174,151,152,152,149,167,134,202,207,232,309,302,368,376,263,264,282,
406,437,564,583,583,606,2607,29209,29987,1044,1172,950]} 1. e4 c6 2. c4 {
A good move for getting Caro-Kann players out of their comfort zone. Maybe it
will transpose to a Panov-Botvinnik attack, maybe not...} d5 3. cxd5 cxd5 4.
exd5 Nf6 5. Nc3 Nxd5 6. Nf3 e6 7. d4 {We now reach a position that could have
come from a Caro-Kann Panov-Botvinnik attack, a Queen's Gambit Declined
Semi-Tarrasach (1.d4 d5 2.c4 e6 3.Nc3 Nf6 4.Nf3 c5), or even the English (1.c4
c5 2.Nf3 Nf6 3.Nc3 d5 4.cxd5 Nxd5 5.e3 e6 6.d4 cxd4 7.exd4).} Be7 8. Bd3 O-O 9.
O-O Nc6 10. Qe2 {Shunkai offers a tricky gambit that has been played a few
times by Magnus Carlsen. This is the third most popular choice in the position
after} (10. Re1) ({and} 10. a3) 10... Ndb4 {And Ryan courageously takes the
offer. Carlsen's opponents were less courageous. Ryan is not being foolhardy -
engines and databases rate all three choices as roughly equivalent.} (10... Bd7
{Carlsen - Leko, Legends of Chess Preliminaries, 2020, 1/2-1/2}) (10... Nf6 {
Carlsen - Harikrishna, Tata Steel India Blitz, 2019, 1-0}) 11. Be4 {The
quibblers will point out that White's 10.Qe2 wasn't technically a gambit, as
White can keep the pawn with} (11. Rd1 {or}) (11. Be3 {But in an isolated
queen's pawn position, White's light-squared bishop is an essential part of
the attack, and allowing Black to trade a knight for it is a bigger concession
than giving up the d-pawn.}) 11... Nxd4 12. Nxd4 Qxd4 13. Rd1 {This has all
been played before, as long ago as Szabo-Portisch, 1960.} Qb6 ({Portisch
preferred} 13... Qf6 {protecting his king but abandoning his b-pawn after} 14.
Be3 e5 15. Rac1 Be6 16. Bxb7 {and leading to a loss in 35 moves.}) 14. Be3 Qa6
15. Qh5 g6 (15... f5 {is a little better. Since Ryan plays it on his next move,
it might have been nice to keep the dark squares better protected with his
pawn on g7 instead of g6.} {But White still has a slight edge after} 16. a3 {
, the move Shunkai used in the actual game.}) 16. Qh6 f5 17. a3 {Leela likes
White's position (0.61), Stockfish loves White's position (2.67).} fxe4 ({
And both engines display a slight preference for} 17... Nc6 {though human
players would hate to put a piece on a square obstructing Black's queen from
kingside defense. Plus it is nice to get White's light-squared bishop off the
board, though in this case Ryan has already created a nice phalanx of
light-squared pawns that has lowered the bishop's threat level from red to
orange.}) 18. axb4 {Ryan hasn't played badly, but Shunkai is winning.} Qc6 19.
b5 Qe8 20. b6 a6 21. Bd4 Qf7 22. Nxe4 Bd7 23. Ra3 $1 ({Ok, in reality, the move
} 23. Rd3 {is just as good, but Shunkai's 23.Ra3 has a demoralizing effect on
the defender's state of mind.}) 23... Bc6 (23... Bxa3 24. Nf6+ Qxf6 (24... Kh8
25. Nxh7+) 25. Bxf6 Rf7 (25... Rxf6 26. Rxd7) 26. bxa3) 24. Rf3 Bxe4 25. Rxf7
Rxf7 26. Rc1 Bc6 27. Qe3 Bd5 28. Rc7 Re8 29. h4 Rf5 30. Qh6 Rf7 31. h5 g5 32.
Rxe7 Rexe7 33. Qxg5+ {Notice that material is still even. But White has an
overwhelming advantage.} Kf8 34. Qe5 Rf5 35. Qh8+ Kf7 36. Bc5 Re8 37. Qxh7+ Kf6
38. Qg6+ Ke5 39. Qg3+ 1-0

[Event "Oregon Junior Closed Championship"]
[Site "Chess.com"]
[Date "2020.12.20"]
[Round "4"]
[White "Lu, Ryan "]
[Black "Feldman, Konner"]
[Result "0-1"]
[WhiteElo "1948"]
[BlackElo "2039"]
[Annotator "Wilson Gibbins"]
[PlyCount "66"]
[EventDate "2020.12.19"]
[EventType "tourn"]
[EventRounds "5"]

{[%evp 0,66,40,45,10,19,21,-5,21,31,22,25,28,29,43,17,18,2,0,5,33,34,47,18,5,
13,20,12,19,-3,22,18,5,-12,-11,-11,-49,-65,-10,-45,-45,-93,-125,-123,-129,-117,
-112,-107,-107,-107,-115,-349,-380,-433,-434,-443,-452,-450,-462,-660,-1021,
-1507,-1573,-1662,-1023,-29993,-29994,-29995,-29996]} 1. e4 e5 2. Nf3 Nf6 {
I think of the Petrov Defense as a drawing tool, but Konner and Caruana seem
to be able to play it for a win. Watch how Konner develops an attack against
Ryan's King that is defended by 4(!) pawns.} 3. Nxe5 d6 4. Nf3 Nxe4 5. Nc3 Nxc3
6. dxc3 Be7 7. Be3 O-O 8. Qd2 Nd7 9. O-O-O Nf6 10. Bd3 c5 {This mainline move
leaves a backward pawn on d6, but it does not appear to be an exploitable
weakness.} 11. h4 (11. c4 b5 $5 12. cxb5 a6 {opens lines against White's
formerly well protected King}) 11... Be6 12. Kb1 d5 {backward no more.} 13. Ng5
c4 {and backward again} 14. Nxe6 {and backward no more. Kids these days, can't
make up their minds :-)} fxe6 15. Be2 Rc8 16. f3 $6 {It is hard to keep
worrying about Blackplaying Ne4 at an uncomfortable moment, but this move
might be a little too slow.} (16. Bd4 {is a little better.}) 16... Rc6 $15 17.
a3 Qa5 18. Qc1 Ne8 $1 {bringing another piece to bear on a3 and c3} 19. Ka2 $6
{A clever attempt to defend by bringing the queen to a1 that will end up
making things worse. But White is already in trouble.} Nc7 $17 20. Qa1 Nb5 21.
a4 {Interesting, best, but it doesn't quite hold.} Qxa4+ 22. Kb1 Nxc3+ 23. bxc3
Ba3 24. Qa2 Qb5+ 25. Ka1 Ra6 {At the temporary cost of a piece, Black's attack
has broken through the defenses} 26. Rb1 Qa5 27. Rxb7 Qxc3+ 28. Kb1 Qxe3 29.
Qa1 Rb6+ 30. Rxb6 Qxb6+ 31. Ka2 Be7 32. Rb1 Qa5+ 33. Kb2 Bf6+ 0-1